| 000 | 00759nam a2200277Ia 4500 | ||
|---|---|---|---|
| 001 | Para_1694 | ||
| 003 | CHAP | ||
| 008 | 220125s1986 xx 000 0 und d | ||
| 010 | _a200312 | ||
| 040 | _cCHAP | ||
| 082 | _aPA 633.61 S6 | ||
| 100 |
_aSivanesan, A. _9106801 |
||
| 245 |
_aSugarcane diseases / _c by A. Sivanesan and J.M. Waller |
||
| 260 |
_aGrat Britain : _b CAB. International |
||
| 300 | _a88 p. | ||
| 440 |
_aPhytopathological paper N.; 29 _9165188 |
||
| 650 |
_aCaƱa de azucar _x enfermedades _918598 |
||
| 700 |
_aWaller, J.M. _9120931 |
||
| 901 | _aPA 633.61 S6 | ||
| 902 | _aM | ||
| 905 | _a0000001986 a 0000000000 00 | ||
| 910 | _a1986 | ||
| 942 | _cPARA | ||
| 942 |
_cPARA _d1 |
||
| 999 |
_c200312 _d200312 |
||